|
|
|
|
| LEADER |
01997nam a2200457 i 4500 |
| 001 |
EBC4614746 |
| 003 |
MiAaPQ |
| 005 |
20200917021826.0 |
| 006 |
m o d | |
| 007 |
cr cnu|||||||| |
| 008 |
160826t20172017sz a ob 001 0 eng d |
| 020 |
|
|
|z 9783319411071
|
| 020 |
|
|
|a 9783319411088 (e-book)
|
| 035 |
|
|
|a (MiAaPQ)EBC4614746
|
| 035 |
|
|
|a (Au-PeEL)EBL4614746
|
| 035 |
|
|
|a (CaPaEBR)ebr11240484
|
| 035 |
|
|
|a (CaONFJC)MIL943348
|
| 035 |
|
|
|a (OCoLC)956277577
|
| 040 |
|
|
|a MiAaPQ
|b eng
|e rda
|e pn
|c MiAaPQ
|d MiAaPQ
|
| 050 |
|
4 |
|a TJ217.6
|b .E455 2017
|
| 082 |
0 |
|
|a 620
|2 23
|
| 100 |
1 |
|
|a Ellis, Matthew,
|e author.
|
| 245 |
1 |
0 |
|a Economic model predictive control :
|b theory, formulations and chemical process applications /
|c Matthew Ellis, Jinfeng Liu, Panagiotis D. Christofides.
|
| 264 |
|
1 |
|a Switzerland :
|b Springer,
|c 2017.
|
| 264 |
|
4 |
|c 2017
|
| 300 |
|
|
|a 1 online resource (311 pages) :
|b illustrations, tables.
|
| 336 |
|
|
|a text
|2 rdacontent
|
| 337 |
|
|
|a computer
|2 rdamedia
|
| 338 |
|
|
|a online resource
|2 rdacarrier
|
| 490 |
1 |
|
|a Advances in Industrial Control,
|x 2193-1577
|
| 504 |
|
|
|a Includes bibliographical references at the end of each chapters and index.
|
| 588 |
|
|
|a Description based on print version record.
|
| 590 |
|
|
|a Electronic reproduction. Ann Arbor, MI : ProQuest, 2016. Available via World Wide Web. Access may be limited to ProQuest affiliated libraries.
|
| 650 |
|
0 |
|a Predictive control.
|
| 655 |
|
4 |
|a Electronic books.
|
| 700 |
1 |
|
|a Liu, Jinfeng,
|e author.
|
| 700 |
1 |
|
|a Christofides, Panagiotis D.,
|e author.
|
| 776 |
0 |
8 |
|i Print version:
|a Ellis, Matthew.
|t Economic model predictive control : theory, formulations and chemical process applications.
|d Switzerland : Springer, c2017
|h xxiv, 292 pages
|k Advances in industrial control.
|z 9783319411071
|w 2016944902
|
| 797 |
2 |
|
|a ProQuest (Firm)
|
| 830 |
|
0 |
|a Advances in industrial control.
|
| 856 |
4 |
0 |
|u https://ebookcentral.proquest.com/lib/matrademy/detail.action?docID=4614746
|z Click to View
|